| Tag |
First Indicator |
Second Indicator |
Subfields |
| LEADER |
00000cas a2200000 a 4500 |
| 001 |
in00001679521 |
| 005 |
20151024123431.0 |
| 006 |
m d |
| 007 |
cr cn||||||||| |
| 008 |
990918c19189999ncuqr pso 0 a0eng c |
| 010 |
|
|
|a sn 99004659
|z 2001227190
|
| 019 |
|
|
|a 45090072
|a 47075469
|
| 022 |
0 |
|
|a 1527-1900
|l 0018-2168
|y 0018-2168
|2 1
|
| 029 |
1 |
|
|a OCLCS
|b 10855
|
| 029 |
1 |
|
|a NLGGC
|b 217682626
|
| 029 |
1 |
|
|a OCLCS
|b OP-22936
|
| 029 |
1 |
|
|a NZ1
|b 6325008
|
| 029 |
1 |
|
|a NZ1
|b 12144194
|
| 029 |
1 |
|
|a AU@
|b 000043825522
|
| 029 |
1 |
|
|a AU@
|b 000044063076
|
| 029 |
1 |
|
|a AU@
|b 000044919442
|
| 029 |
1 |
|
|a AU@
|b 000045706203
|
| 035 |
|
|
|a (OCoLC)ocm42391341
|
| 035 |
|
|
|a (OCoLC)42391341
|z (OCoLC)45090072
|z (OCoLC)47075469
|
| 037 |
|
|
|b Project Muse, The Johns Hopkins University Press, 2715 N. Charles Street, Baltimore, Maryland 21211
|
| 040 |
|
|
|a JHE
|c JHE
|d NSD
|d MYG
|d GUA
|d OCLCQ
|d EYM
|d F#A
|d OCLCQ
|d UtOrBLW
|
| 041 |
0 |
|
|a eng
|a spa
|
| 042 |
|
|
|a nsdp
|a pcc
|
| 043 |
|
|
|a cl-----
|
| 049 |
|
|
|a TXAM
|
| 050 |
1 |
4 |
|a F1401
|b .H66 Electronic
|
| 082 |
1 |
0 |
|a 980
|2 13
|
| 130 |
0 |
|
|a Hispanic American historical review (Online)
|
| 210 |
0 |
|
|a Hisp. Am. hist. rev.
|b (Online)
|
| 222 |
|
4 |
|a The Hispanic American historical review
|b (Online)
|
| 245 |
1 |
4 |
|a The Hispanic American historical review :
|b HAHR.
|
| 246 |
1 |
|
|a HAHR
|
| 264 |
|
1 |
|a Durham, N.C. :
|b Duke University Press.
|
| 310 |
|
|
|a Quarterly
|
| 336 |
|
|
|a text
|b txt
|2 rdacontent
|
| 337 |
|
|
|a computer
|b c
|2 rdamedia
|
| 338 |
|
|
|a online resource
|b cr
|2 rdacarrier
|
| 362 |
1 |
|
|a Print began with vol. 1, no. 1 (Feb. 1918).
|
| 500 |
|
|
|a Description based on: 79:3 (Aug. 1999); title from journal home page (viewed Oct. 13, 1999).
|
| 500 |
|
|
|a Latest issue consulted: Volume 80, number 2 (May 2000).
|
| 515 |
|
|
|a Preceded by a demo issue for Vol. 79, no. 3 (Aug. 1999).
|
| 538 |
|
|
|a Mode of access: World Wide Web.
|
| 546 |
|
|
|a In English and Spanish.
|
| 550 |
|
|
|a Published in cooperation with the Conference on Latin American History of the American Historical Association.
|
| 500 |
|
|
|a Electronic resource.
|
| 651 |
|
0 |
|a Latin America
|x History
|v Periodicals.
|
| 710 |
2 |
|
|a American Historical Association.
|b Conference on Latin American History.
|
| 776 |
0 |
8 |
|i Print version:
|t Hispanic American historical review
|x 0018-2168
|w (DLC) 19014875
|w (OCoLC)1752092
|
| 948 |
|
|
|a MFHD URL added
|b h
|c 2002/6/20
|d c
|e bsurratt
|f 2:28:39 pm
|
| 949 |
|
|
|a updated
|b h
|c 2011/8/24
|e vilik
|f 12:58:05 pm
|
| 949 |
|
|
|a MFHD URL added
|b h
|c 2003/4/24
|d c
|e rstovall5
|f 1:57:50 pm
|
| 949 |
|
|
|a batch update-edit 856
|c 2002/04/13
|e ahighsmi
|
| 949 |
|
|
|a correct ind 2 in 856
|c 2002/04/17
|e ahighsmi
|
| 994 |
|
|
|a C0
|b TXA
|
| 999 |
|
|
|a MARS
|
| 999 |
f |
f |
|s 6416e303-f034-3bea-b466-92c74676a6fa
|i a2e73ebd-b23a-3cd7-a164-f445b2f93e55
|t 0
|
| 952 |
f |
f |
|a Texas A&M University
|b College Station
|c Electronic Resources
|d Available Online
|t 0
|e F1401 .H66
|g Electronic
|h Library of Congress classification
|
| 998 |
f |
f |
|a F1401 .H66
|t 0
|l Available Online
|